000 00624nam a2200265Ia 4500
005 20260324152923.0
008 008 260324s9999 xx 000 0 eng d
020 _a9780128002421
037 _aEBOOK
040 _aCRL
040 _beng
040 _cCRL
041 _2eng
041 _aeng
084 _qCRL
100 _aMoran, Sean
245 3 _aAn Applied Guide to Process and Plant Design
260 _bElsevier
260 _c2015
650 _aEngineering
856 _uhttps://www.sciencedirect.com/science/book/9780128002421
942 _cEBOOK
999 _c1841124
_d1841124